| Tag |
First Indicator |
Second Indicator |
Subfields |
| LEADER |
00000nam a2200000Ia 4500 |
| 001 |
in00004332113 |
| 005 |
20200812093024.0 |
| 006 |
m g d |
| 007 |
cr bn |||a|bb| |
| 008 |
050819s1680 enk o 000 0 eng d |
| 035 |
|
|
|a (OCoLC)61296895
|
| 040 |
|
|
|a UMI
|c UMI
|e dcrb
|
| 037 |
|
|
|a CL0037000124
|b ProQuest Information and Learning. 300 N. Zeeb Rd., Ann Arbor, MI 48106
|
| 043 |
|
|
|a e-uk-en
|
| 090 |
|
|
|a KD1528.A13
|b C37 1680
|
| 049 |
|
|
|a UMIA
|
| 245 |
0 |
4 |
|a The case of John James :
|b the lessee of George Durdant, plaintiff against William Richardson, defendant in a writ of error in Parliament.
|
| 260 |
|
|
|a [London :
|b publisher not identified,
|c 1680?]
|
| 300 |
|
|
|a 1 online resource (1 sheet ([1] pages).
|
| 336 |
|
|
|a text
|b txt
|2 rdacontent
|
| 337 |
|
|
|a computer
|b c
|2 rdamedia
|
| 338 |
|
|
|a online resource
|b cr
|2 rdacarrier
|
| 500 |
|
|
|a Caption title.
|
| 500 |
|
|
|a Place and date of publication suggested by Wing (2nd edition).
|
| 500 |
|
|
|a Reproduction of original in: Bodleian Library.
|
| 510 |
4 |
|
|a Wing (2nd edition)
|c C932A
|
| 533 |
|
|
|a Electronic reproduction.
|b Ann Arbor, Mich. :
|c UMI,
|d 1999-
|f (Early English books online)
|n Digital version of: (Early English Books, 1641-1700 ; 2831:14)
|7 s1999 miun s
|
| 600 |
1 |
0 |
|a James, John,
|d fl. 1680
|x Trials, litigation, etc.
|
| 600 |
1 |
0 |
|a Durdant, George.
|
| 600 |
1 |
4 |
|a Durdant, Robert.
|
| 600 |
1 |
0 |
|a Richardson, William,
|d fl. 1680
|x Trials, litigation, etc.
|
| 600 |
1 |
4 |
|a Wicks, Henry,
|c Esq.
|
| 650 |
|
0 |
|a Claims against decedents' estates
|z England
|v Early works to 1800.
|
| 830 |
|
0 |
|a Early English books online.
|
| 856 |
4 |
0 |
|u http://proxy.library.tamu.edu/login?url=https://search.proquest.com/docview/2240860640
|z Connect to the full text of this electronic book
|t 0
|
| 994 |
|
|
|a 02
|b UMI
|
| 999 |
f |
f |
|s 50086af8-274a-34e2-93ce-945c9e7b9974
|i de2bbfc5-8699-3996-80d4-e95653b10800
|t 0
|
| 952 |
f |
f |
|a Texas A&M University
|b College Station
|c Electronic Resources
|d Available Online
|t 0
|e KD1528.A13 C37 1680
|h Library of Congress classification
|
| 998 |
f |
f |
|a KD1528.A13 C37 1680
|t 0
|l Available Online
|